000 00928nam a2200217 a 4500
008 220728s2016 ||||||||||||||||| || u
020 _a9781509807116
050 _aHV 887 Har
100 _aHart, Angela
245 1 0 _aGirl who just wanted to be loved
_cBy Angela, Hart
260 _aLondon
_bBluebird
_c2016
300 _a327 pages
350 _a6.68
500 _aThis is a true story that shares the tale of one of the many children Angela has fostered over the years.
650 _aMENTALLY ILL CHILDREN
650 _aFAMILIES
650 _aENGLISH LANGUAGE
650 _aFOSTER CHILDREN
995 _aMAIN LIBRARY OPEN ACCESS
_e751774
_FCBU-MAIN LIBRARY (Kitwe)
_I6.68
_jHV 887 Har
_M2
_UAVAILABLE
_WSep 7, 2022
_y751774
_ZMain Library Open Access Collection
995 _aMAIN LIBRARY OPEN ACCESS
_e905307
_FCBU-MAIN LIBRARY (Kitwe)
_I6.68
_jHV 887 Har
_M1
_UAVAILABLE
_WOct 17, 2022
_y905307
_ZMain Library Open Access Collection
999 _c75903
_d75903